000 00759cam a22002533a 4500
001 2762
003 PGUSA
005 20140828083021.0
008 010801s2001||||xxu|||||s|||||000 1 eng d
040 _aPGUSA
_beng
042 _adc
050 4 _aPR
100 1 _aHaggard, H. Rider
_q(Henry Rider),
_d1856-1925
245 1 4 _aThe Brethren
_h[electronic resource] /
_cH. Rider Haggard
260 _bProject Gutenberg,
_c2001
506 _aPublic domain in the USA.
516 _aElectronic text
653 _aCrusades -- Fiction
653 _aGreat Britain -- History -- Medieval period, 1066-1485 -- Fiction
653 _aArab countries -- Fiction
830 0 _aProject Gutenberg
_v2762
856 4 0 _uhttp://www.gutenberg.org/ebooks/2762
942 _cEB
999 _c232094
_d232094